The influence of plasmon resonance on the decrease of resonatorless laser generation thresholds; Proceedings of SPIE; Vol. 10035 : Atmospheric and Ocean Optics: Atmospheric Physics
| Parent link: | Proceedings of SPIE Vol. 10035 : Atmospheric and Ocean Optics: Atmospheric Physics.— 2016.— [1003526, 4 p.] |
|---|---|
| Korporativní autor: | |
| Další autoři: | , , , , |
| Shrnutí: | Title screen The paper presents the results of the measurements of the values of resonatorless laser generation power threshold densities in thin layers of 6G rhodamine colloidal solutions with single plasmon-resonance gold and silver nanoparticles and non-plazmon resonance nanoparticles of platinum and zinc oxide. It is shown that when gold, platinum and silver nanoparticles are used, the thresholds values are approximately equal at the same concentrations. © (2016) COPYRIGHT Society of Photo-Optical Instrumentation Engineers (SPIE). Downloading of the abstract is permitted for personal use only. |
| Jazyk: | angličtina |
| Vydáno: |
2016
|
| Edice: | Optical Investigation of Atmosphere and Ocean |
| Témata: | |
| On-line přístup: | http://dx.doi.org/10.1117/12.2249339 http://earchive.tpu.ru/handle/11683/38252 |
| Médium: | MixedMaterials Elektronický zdroj Kapitola |
| KOHA link: | https://koha.lib.tpu.ru/cgi-bin/koha/opac-detail.pl?biblionumber=653912 |
MARC
| LEADER | 00000naa2a2200000 4500 | ||
|---|---|---|---|
| 001 | 653912 | ||
| 005 | 20250905160719.0 | ||
| 035 | |a (RuTPU)RU\TPU\network\19427 | ||
| 090 | |a 653912 | ||
| 100 | |a 20170404d2016 k||y0rusy50 ba | ||
| 101 | 0 | |a eng | |
| 135 | |a drcn ---uucaa | ||
| 181 | 0 | |a i | |
| 182 | 0 | |a b | |
| 200 | 1 | |a The influence of plasmon resonance on the decrease of resonatorless laser generation thresholds |f V. A. Donchenko [et al.] | |
| 203 | |a Text |c electronic | ||
| 225 | 1 | |a Optical Investigation of Atmosphere and Ocean | |
| 300 | |a Title screen | ||
| 320 | |a [References: 6 tit.] | ||
| 330 | |a The paper presents the results of the measurements of the values of resonatorless laser generation power threshold densities in thin layers of 6G rhodamine colloidal solutions with single plasmon-resonance gold and silver nanoparticles and non-plazmon resonance nanoparticles of platinum and zinc oxide. It is shown that when gold, platinum and silver nanoparticles are used, the thresholds values are approximately equal at the same concentrations. © (2016) COPYRIGHT Society of Photo-Optical Instrumentation Engineers (SPIE). Downloading of the abstract is permitted for personal use only. | ||
| 461 | 1 | |0 (RuTPU)RU\TPU\network\12028 |t Proceedings of SPIE | |
| 463 | 1 | |t Vol. 10035 : Atmospheric and Ocean Optics: Atmospheric Physics |o 22nd International Symposium, 30 June-3 Jule 2016, Tomsk, Russian Federation |o [proceedings] |f Institute of Atmospheric Optics SB RAS ; eds. G. G. Matvienko, O. A. Romanovskii |v [1003526, 4 p.] |d 2016 | |
| 610 | 1 | |a электронный ресурс | |
| 610 | 1 | |a труды учёных ТПУ | |
| 610 | 1 | |a резонанс | |
| 610 | 1 | |a плазмонные колебания | |
| 701 | 1 | |a Donchenko |b V. A. |g Valery Anatoljevich | |
| 701 | 1 | |a Zemlyanov |b A. A. |g Aleksandr Anatoljevich | |
| 701 | 1 | |a Zinovjev |b M. M. |g Mikhail Mikhaylovich | |
| 701 | 1 | |a Panamareva |b A. N. |c linguist |c Associate Professor of Tomsk Polytechnic University, Candidate of philological sciences |f 1980- |g Anna Nikolaevna |3 (RuTPU)RU\TPU\pers\33519 | |
| 701 | 1 | |a Kharenkov |b V. A. |g Vladimir Aleksandrovich | |
| 712 | 0 | 2 | |a Национальный исследовательский Томский политехнический университет (ТПУ) |b Физико-технический институт (ФТИ) |b Кафедра иностранных языков физико-технического института (ИЯФТ) |3 (RuTPU)RU\TPU\col\18736 |
| 801 | 2 | |a RU |b 63413507 |c 20171027 |g RCR | |
| 856 | 4 | |u http://dx.doi.org/10.1117/12.2249339 | |
| 856 | 4 | |u http://earchive.tpu.ru/handle/11683/38252 | |
| 942 | |c CF | ||